00469nam a2200157Ia 4500008004100000020001500041082001400056100002300070245005600093250000700149260005000156300002700206500000700233600002100240650005000261240925s9999 xx 000 0 und d a817722266X a004.6 ROB aRobert , E Larson 0aAll in one CCNA 3.0 certification: exam study guide aNA aNew Delhi:bNewWiley -dreamtech Pressc,2003. axv,444p.bNAfOriginal aNA aComputer Science aComputer science, information & general works